000
00263nam a22001097a 4500
008
170125b xxu||||| |||| 00| 0 eng d
020
_a
3541717912
041
_a
eng
080
_a
61
245
_a
THE ART & SCIENCE BESIDE OF DIAGNOSIS
_c
SAPIRA, J.D
942
_2
udc
_c
BK
999
_c
3654
_d
3654